RRII 414 oru highrange vijayagadha (Record no. 67295)

MARC details
000 -LEADER
fixed length control field 00287nam a2200121Ia 4500
100 ## - MAIN ENTRY--AUTHOR NAME
Personal name Mathew Moly
245 #0 - TITLE STATEMENT
Title RRII 414 oru highrange vijayagadha
260 ## - PUBLICATION, DISTRIBUTION, ETC. (IMPRINT)
Name of publisher Rubber
Year of publication 2013
300 ## - PHYSICAL DESCRIPTION
Number of Pages 22
700 ## - ADDED ENTRY--PERSONAL NAME
Personal name Joseph Salikutti
942 ## - ADDED ENTRY ELEMENTS (KOHA)
Koha item type Journals
Holdings
Withdrawn status Lost status Damaged status Not for loan Home library Current library Date acquired Serial Enumeration / chronology Koha item type
      Journals RRII Library RRII Library 09/04/2014 Volume 571, Issue Journals